Schnelles Tippen #1 Buchstaben - Statistiken

Allgemein
  • Dieses Quiz wurde 82 mal gespielt
  • Das Durchschnittsergebnis liegt bei 40 aus 90
Antwortstatistiken
Hint Antwort % Korrekt
B B
100%
J J
100%
O O
100%
L L
98%
R R
98%
T T
98%
E E
97%
I I
97%
K K
97%
M M
97%
M M
97%
N N
97%
O O
97%
P P
97%
P P
97%
P P
97%
Q Q
97%
S S
97%
V V
97%
W W
97%
X X
97%
Z Z
97%
Z Z
92%
Y Y
89%
K K
86%
R R
86%
A A
84%
L L
84%
M M
84%
Q Q
80%
O O
75%
I I
70%
U U
64%
F F
61%
D D
59%
T T
53%
Z Z
45%
P P
42%
N N
36%
C C
33%
V V
33%
H H
31%
G G
30%
R R
28%
T T
28%
A A
27%
X X
27%
W W
25%
P P
23%
Q Q
22%
T T
20%
B B
19%
C C
19%
I I
19%
E E
16%
J J
16%
R R
16%
R R
16%
W W
16%
Y Y
16%
B B
14%
H H
14%
I I
14%
W W
14%
A A
13%
S S
13%
H H
11%
E E
9%
G G
9%
M M
9%
M M
9%
A A
8%
R R
8%
Z Z
8%
B B
6%
P P
6%
T T
6%
E E
3%
R R
3%
W W
3%
B B
2%
L L
2%
Q Q
2%
U U
2%
C C
0%
G G
0%
I I
0%
M M
0%
O O
0%
Z Z
0%
Keine übereinstimmenden Quizze gefunden
Verteilung der Resultate
Anzahl Personen mit jedem Resultat
Perzentil nach korrekt beantworteten Fragen
Ihre Resultats-Entwicklung
Sie haben dieses Quiz noch nicht gespielt